<?xml version="1.0" encoding="UTF-8"?>
<record
    xmlns:xsi="http://www.w3.org/2001/XMLSchema-instance"
    xsi:schemaLocation="http://www.loc.gov/MARC21/slim http://www.loc.gov/standards/marcxml/schema/MARC21slim.xsd"
    xmlns="http://www.loc.gov/MARC21/slim">

  <leader>00914nab a2200253uuc4500</leader>
  <controlfield tag="001">1060617</controlfield>
  <controlfield tag="005">20240202082842.0</controlfield>
  <controlfield tag="008">071207s2007                        mul  </controlfield>
  <datafield tag="035" ind1=" " ind2=" ">
    <subfield code="a">1060617</subfield>
  </datafield>
  <datafield tag="035" ind1=" " ind2=" ">
    <subfield code="a">(OCoLC)820380766</subfield>
  </datafield>
  <datafield tag="040" ind1=" " ind2=" ">
    <subfield code="c">comduadb</subfield>
  </datafield>
  <datafield tag="041" ind1=" " ind2=" ">
    <subfield code="a">ENG</subfield>
    <subfield code="a">mul</subfield>
  </datafield>
  <datafield tag="100" ind1="1" ind2="0">
    <subfield code="a">Ortiz Casta&#xF1;eda, Jeremias Jonatan</subfield>
    <subfield code="4">aut</subfield>
    <subfield code="e">aut</subfield>
    <subfield code="9">454232</subfield>
  </datafield>
  <datafield tag="245" ind1="1" ind2="0">
    <subfield code="a">Evaluacion de la ultrasonografia de tiempo real en el diagnostico de gestacion precoz en cerdas</subfield>
  </datafield>
  <datafield tag="260" ind1=" " ind2=" ">
    <subfield code="c">2007.</subfield>
  </datafield>
  <datafield tag="650" ind1=" " ind2=" ">
    <subfield code="a">Ultrasonograf&#xED;a</subfield>
    <subfield code="9">69459</subfield>
  </datafield>
  <datafield tag="650" ind1=" " ind2=" ">
    <subfield code="a">Cerdas</subfield>
    <subfield code="9">31703</subfield>
  </datafield>
  <datafield tag="650" ind1=" " ind2=" ">
    <subfield code="a">Reproducci&#xF3;n de porcinos</subfield>
    <subfield code="9">195132</subfield>
  </datafield>
  <datafield tag="700" ind1="1" ind2="0">
    <subfield code="a">Alzina L&#xF3;pez, Alejandro</subfield>
    <subfield code="4">aut</subfield>
    <subfield code="e">aut</subfield>
    <subfield code="9">372366</subfield>
  </datafield>
  <datafield tag="700" ind1="1" ind2="0">
    <subfield code="a">Alvarez Fleites, Mario</subfield>
    <subfield code="4">aut</subfield>
    <subfield code="e">aut</subfield>
    <subfield code="9">591303</subfield>
  </datafield>
  <datafield tag="700" ind1="1" ind2="0">
    <subfield code="a">Segura Correa, Jos&#xE9; Candelario</subfield>
    <subfield code="4">aut</subfield>
    <subfield code="e">aut</subfield>
    <subfield code="9">536379</subfield>
  </datafield>
  <datafield tag="773" ind1="0" ind2=" ">
    <subfield code="t">Veterinaria M&#xE9;xico (M&#xE9;xico)</subfield>
    <subfield code="g">Vol. 38, No. 03, Jul.-Sep. 2007, 285-290</subfield>
    <subfield code="w">356025</subfield>
    <subfield code="x">0301-5092</subfield>
    <subfield code="0">113461</subfield>
  </datafield>
  <datafield tag="942" ind1=" " ind2=" ">
    <subfield code="c">ARIMP</subfield>
  </datafield>
  <datafield tag="999" ind1=" " ind2=" ">
    <subfield code="c">431807</subfield>
    <subfield code="d">431807</subfield>
  </datafield>
</record>
